000
00256nam a22000857a 4500
008
150922t xxu||||| |||| 00| 0 eng d
020
_6
978-81-312-1119-9
100
_a
ronald n forthofer
_9
1276
245
_a
biostatistics a guide to design analysis and discovery
999
_c
479842
_d
479842